Purchasing : (Record no. 9393)

MARC details
000 -LEADER
fixed length control field 00890nac a22002411u 4500
010 ## - LIBRARY OF CONGRESS CONTROL NUMBER
LC control number 90043515
020 ## - INTERNATIONAL STANDARD BOOK NUMBER
International Standard Book Number 0137425864
082 00 - DEWEY DECIMAL CLASSIFICATION NUMBER
Classification number 658.72
Item number PUR
090 ## - LOCALLY ASSIGNED LC-TYPE CALL NUMBER (OCLC); LOCAL CALL NUMBER (OCLC)
-- 9393
-- 9393
100 ## - MAIN ENTRY--PERSONAL NAME
Personal name 20080729
245 00 - TITLE STATEMENT
Title Purchasing :
Remainder of title principles and applications /
Statement of responsibility, etc Stuart Heinritz ... [et al.].
250 ## - EDITION STATEMENT
Edition statement 8th ed.
260 ## - PUBLICATION, DISTRIBUTION, ETC. (IMPRINT)
Place of publication, distribution, etc Englewood Cliffs, N.J. :
Name of publisher, distributor, etc Prentice Hall,1991
Date of publication, distribution, etc 1991.
300 ## - PHYSICAL DESCRIPTION
Extent xii, 580 p. :
Other physical details ill. ;
Dimensions 24 cm.
500 ## - GENERAL NOTE
General note Rev. ed. of: Purchasing / Stuart F. Heinritz. 6th ed. c1981.
500 ## - GENERAL NOTE
General note distributer: Al-Ahram
504 ## - BIBLIOGRAPHY, ETC. NOTE
Bibliography, etc Includes bibliographical references ( p. 573) and index.
511 ## - PARTICIPANT OR PERFORMER NOTE
Participant or performer note catalogued by: wessam
650 #0 - SUBJECT ADDED ENTRY--TOPICAL TERM
Topical term or geographic name as entry element Purchasing.
700 1# - ADDED ENTRY--PERSONAL NAME
Personal name Heinritz, Stuart F.
942 ## - ADDED ENTRY ELEMENTS (KOHA)
Item type Book - Borrowing
Call number prefix 658.72PUR
Holdings
Withdrawn status Item status Damaged status Not for loan Home library Current library Shelving location Date acquired Source of acquisition Total Checkouts Total Renewals Full call number Barcode Date last seen Date last borrowed Koha item type
        Central Library Central Library First floor 06/05/2008 Purchase 1 1 658.72PUR 000011346 15/07/2025 18/02/2009 Book - Borrowing